Social Science & Sustainable Future/ (Record no. 209269)

MARC details
000 -LEADER
fixed length control field 01064nam a22002777a 4500
010 ## - LCCN (DPL NO)
LC control number B-768756-766 ENG-147192 BACEN25
020 ## - INTERNATIONAL STANDARD BOOK NUMBER
International Standard Book Number 9789363895065
Terms of availability 1095.00
035 ## - SYSTEM CONTROL NUMBER
System control number B-768756-766
035 ## - SYSTEM CONTROL NUMBER
System control number EN-130724
037 ## - SOURCE OF ACQUISITION
Source of stock number/acquisition Kunal Books
037 ## - SOURCE OF ACQUISITION
Source of stock number/acquisition DBAD
082 ## - DEWEY DECIMAL CLASSIFICATION NUMBER
Classification number 300.72
Edition number 1
100 ## - MAIN ENTRY--PERSONAL NAME
Personal name C. B. Singh
245 ## - TITLE STATEMENT
Title Social Science & Sustainable Future/
Statement of responsibility, etc By C. B. Singh...[et.al]
250 ## - EDITION STATEMENT
Edition statement 1
260 ## - PUBLICATION, DISTRIBUTION, ETC. (IMPRINT)
Place of publication, distribution, etc New Delhi
Name of publisher, distributor, etc Kunal Books
Date of publication, distribution, etc 2024
270 ## - ADDRESS
Address 4648/21, 1st Floor, Ansari Road, Daryaganj,
City New Delhi
Postal code 110002
Telephone number 9811043697
Electronic mail address kunalbooks@gmail.com
300 ## - PHYSICAL DESCRIPTION
Extent 222p.
Other physical details 24cm(hb)
500 ## - GENERAL NOTE
General note Insights & Perspectives For 2023 and Beyond
700 ## - ADDED ENTRY--PERSONAL NAME
Personal name S.N Singh
9 (RLIN) 77890
700 ## - ADDED ENTRY--PERSONAL NAME
Personal name Ankita Jasmin Lall
9 (RLIN) 77891
700 ## - ADDED ENTRY--PERSONAL NAME
Personal name Mohd Furqan
9 (RLIN) 77892
700 ## - ADDED ENTRY--PERSONAL NAME
Personal name Shikha Soni
9 (RLIN) 77893
942 ## - ADDED ENTRY ELEMENTS (KOHA)
Source of classification or shelving scheme Dewey Decimal Classification
Item type English Books
Classification part 300.72
Call number suffix CBS
Holdings
Withdrawn status Lost status Not for loan Collection code Home library Current library Date acquired Source of acquisition Cost, normal purchase price Full call number Barcode Copy number Cost, replacement price Koha item type
      Non-fiction Ashok Vihar Ashok Vihar 12/08/2025 Kunal Books/4421/24.3.25/15/15.3.25/26.3.25 1095.00 300.72 CBS B-768757 1 1095.00 English Books
      Non-fiction Bawana Bawana 12/08/2025 Kunal Books/4421/24.3.25/15/15.3.25/26.3.25 1095.00 300.72 CBS B-768765 1 1095.00 English Books
      Non-fiction Central Library Central Library 12/08/2025 Kunal Books/4421/24.3.25/15/15.3.25/26.3.25 1095.00 300.72 CBS B-768756 1 1095.00 English Books
      Non-fiction Janak Puri Janak Puri 12/08/2025 Kunal Books/4421/24.3.25/15/15.3.25/26.3.25 1095.00 300.72 CBS B-768760 1 1095.00 English Books
      Non-fiction Kasturba Gandhi Marg Kasturba Gandhi Marg 12/08/2025 Kunal Books/4421/24.3.25/15/15.3.25/26.3.25 1095.00 300.72 CBS B-768759 1 1095.00 English Books
      Non-fiction Narela Narela 12/08/2025 Kunal Books/4421/24.3.25/15/15.3.25/26.3.25 1095.00 300.72 CBS B-768764 1 1095.00 English Books
      Non-fiction Patel Nagar Patel Nagar 12/08/2025 Kunal Books/4421/24.3.25/15/15.3.25/26.3.25 1095.00 300.72 CBS B-768758 1 1095.00 English Books
      Non-fiction R.K.Puram-8 R.K.Puram-8 12/08/2025 Kunal Books/4421/24.3.25/15/15.3.25/26.3.25 1095.00 300.72 CBS B-768762 1 1095.00 English Books
      Non-fiction Sarojini Nagar Sarojini Nagar 12/08/2025 Kunal Books/4421/24.3.25/15/15.3.25/26.3.25 1095.00 300.72 CBS B-768761 1 1095.00 English Books
      Non-fiction Sarojini Nagar Sarojini Nagar 26/11/2025 Delivery of Books Act Division 1095.00 300.72 CBS EN-130724 1 1095.00 English Books
      Non-fiction Shahdara Branch Shahdara Branch 12/08/2025 Kunal Books/4421/24.3.25/15/15.3.25/26.3.25 1095.00 300.72 CBS B-768766 1 1095.00 English Books
      Non-fiction Vinoba Puri Vinoba Puri 12/08/2025 Kunal Books/4421/24.3.25/15/15.3.25/26.3.25 1095.00 300.72 CBS B-768763 1 1095.00 English Books

© Delhi Public Library
Hit Counter
free hit counter